| 000 | 00752cab a22001935a 4500 | ||
|---|---|---|---|
| 001 | L146690 | ||
| 008 | 090217e20090213xxk f 000 0 eng d | ||
| 035 | _a(Sirsi) u146690 | ||
| 041 | 0 | _aeng | |
| 100 | 1 | _aShepherd, Mark | |
| 245 | 0 | 0 | _aEUR 180bn to spend |
| 260 | _c2009 | ||
| 490 | 0 |
_aProperty Week _v75(7) 13 February 2009, 26-28(3) |
|
| 520 | _aIn the second of an 'Equity Watch' series (see L145340), explains the impact of the global financial crisis on levels of real estate equity and analyses the data. Considers whether or not the collapse of sterling could be a blessing in disguise for the UK. Tables. | ||
| 590 | _aKA | ||
| 651 | 4 | _aInternational | |
| 690 | _aPROPERTY-COMMERCIAL PROPERTY-COMMERCIAL PROPERTY MARKET | ||
| 942 | _n0 | ||
| 999 |
_c81247 _d81247 |
||